Territory of Bird Life (Record no. 591899)

MARC details
000 -LEADER
fixed length control field 00343nam a2200145Ia 4500
008 - FIXED-LENGTH DATA ELEMENTS--GENERAL INFORMATION
fixed length control field 100415s9999 xx 000 0 und d
082 ## - DEWEY DECIMAL CLASSIFICATION NUMBER
Item number 8959
Classification number 598.25
100 ## - MAIN ENTRY--PERSONAL NAME
Personal name Howard Eliot
245 ## - TITLE STATEMENT
Title Territory of Bird Life
260 ## - PUBLICATION, DISTRIBUTION, ETC. (IMPRINT)
Date of publication, distribution, etc 0
365 ## - TRADE PRICE
Price amount 0
630 ## - SUBJECT ADDED ENTRY--UNIFORM TITLE
Uniform title Territory of Bird Life
730 ## - ADDED ENTRY--UNIFORM TITLE
Uniform title Territory of Bird Life
942 ## - ADDED ENTRY ELEMENTS (KOHA)
Koha item type Book
Holdings
Withdrawn status Lost status Damaged status Not for loan Home library Current library Date acquired Cost, normal purchase price Total Checkouts Full call number Barcode Date last seen Price effective from Koha item type
        Bombay Natural History Society Bombay Natural History Society 05/27/1998 0.00   598.25 8959 BNHS-8959 04/15/2010 04/15/2010 Book